书目信息 |
| 题名: |
工程设计的优化方法
|
|
| 作者: | 福克斯 著 ;张建中 , 诸梅芳 译 | |
| 分册: | ||
| 出版信息: | 北京 科学出版社 1981 |
|
| 页数: | 356页 | |
| 开本: | 20cm | |
| 丛书名: | ||
| 单 册: | ||
| 中图分类: | TB2 | |
| 科图分类: | ||
| 主题词: | 工程--设计 | |
| 电子资源: | ||
| ISBN: | ||
| 000 | 00676nam0 2200217 450 | |
| 001 | 0655412355 | |
| 005 | 20060522152535.18 | |
| 010 | @dCNY1.80 | |
| 100 | @a20060522d1981 km y0chiy0120 ea | |
| 101 | 0 | @achi |
| 102 | @aCN@b110000 | |
| 200 | 1 | @a工程设计的优化方法@Agong cheng she ji de you hua fang fa@f(美)R·L·福克斯著@F(mei)R·L·fu ke si zhu@g张建中,诸梅芳译@Gzhang jian zhong,zhu mei fang yi |
| 210 | @a北京@c科学出版社@d1981 | |
| 215 | 1 | @a356页@d20cm |
| 606 | 0 | @a工程@x设计 |
| 690 | @aTB2@v4 | |
| 701 | 0 | @a福克斯@Afu ke si@4著 |
| 702 | 0 | @a张建中@Azhang jian zhong@4译 |
| 702 | 0 | @a诸梅芳@Azhu mei fang@4译 |
| 801 | 0 | @aCN@bPFT@c20060522 |
| 905 | @a10447@dTB2@e3 | |
| 工程设计的优化方法/(美)R·L·福克斯著/张建中,诸梅芳译.-北京:科学出版社,1981 |
| 356页;20cm |
| ISBN :CNY1.80 |
| ● |
| 相关链接 |
|
|
|
|
正题名:工程设计的优化方法
索取号:TB2/3
 
预约/预借
| 序号 | 登录号 | 条形码 | 馆藏地/架位号 | 状态 | 备注 |
| 1 | 0056120 | 202366509 | 密集书库/ [索取号:TB2/3] | 在馆 |